| 000 | 00473nam a2200193Ia 4500 | ||
|---|---|---|---|
| 003 | GCL | ||
| 008 | 140319s9999 xx 000 0 eng d | ||
| 040 |
_aGCL / _cGCL |
||
| 082 | 0 | 4 |
_a892.76 _bF S |
| 100 | 1 | _aFOURI, HUSSEIN | |
| 245 | 1 | 0 |
_aUN SINDBAD MODERNE / _cFOURI, HUSSEIN |
| 260 |
_a[S.N] : _bGALLIMARD ، _c1992 |
||
| 300 | _a192 P | ||
| 650 | 0 | 4 | _aLITERATURE |
| 650 | 0 | 4 | _aARABIC LITERATURE |
| 650 | 0 | 4 | _aFICTION |
| 650 | 0 | 4 | _aARABIC FICTION |
| 942 |
_2ddc _cBK |
||
| 999 |
_c12979 _d12979 |
||